00687nam a2200205Ia 4500001002600000003000900026008004100035040002300076041001300099100001800112245004400130250001500174260002200189300001900211500002000230501012400250520005500374700003200429700002000461915.691-BOU ad pa (20829)IT-MiSPE171229s9999||||xx |||||||||||||| ||und|| aIT-MiSPEcIT-MiSPE aFRANCESE aAdnan Bounni  0aPalmyrebHistoire, monuments et musée a1a ed. (v) aDamasbs.e.c1987 a139 p. c20 cm aPalmira (Siria) aEdizioni San Paolo srl - Piazza Soncino, 5 - 20092 CINISELLO BALSAMO (MI) (non commercial uses only) ® Copyright 2018 aAltri autori: Jean Starcky. Ill., tav., cart. geo. aBasil Aggoulag(traduzione) aKhaled Al-Aa'ad